[Event "AUTO-OPEN-4634"]
[Site "http://www.queenalice.com/game.php?id=1868015"]
[Date "2026.1.15"]
[Round "1"]
[White "Rocio"]
[Black "cerenzo72"]
[Result "0-1"]
[WhiteElo "1585"]
[BlackElo "2142"]

1. e4 e5 2. Bc4 Be7 3. d3 Nf6 4. Bg5 O-O 5. Nc3 Nc6 6. Nf3 d6 7. Nh4 h6 8. Be3
Ng4 9. h3 Nxe3 10. fxe3 Bxh4+ 11. g3 Bxg3+ 12. Kd2 Na5 13. Bb5 c6 14. Bc4 Nxc4+
15. dxc4 Be6 16. Qe2 d5 17. cxd5 cxd5 18. Rhg1 Qh4 19. Raf1 Bxh3 20. Rh1 Bxf1
21. Qxf1 Qd8 22. Kc1 d4 23. Ne2 Qg5 24. Qf3 Qxe3+ 25. Qxe3 dxe3 26. Nxg3 Rad8
27. b3 Rd2 28. Re1 Rg2 29. Nf5 e2 30. Kd2 Rd8+ 31. Ke3 h5 32. Kf3 Rg4 33. Rxe2
Rf4+ 34. Kg3 g5 35. Nh6+ Kg7 36. Nf5+ Kf6 37. Ne3 Kg6 38. c4 Rd3 39. Kg2 Rxe4
40. Kf3 Rf4+ 41. Kg2 h4 42. Nf1 h3+ 43. Kg1 Rd1 44. Rf2 Rxf2 45. Kxf2 g4 46. Ke2
Ra1 47. Nd2 Rxa2 48. Kd3 h2 49. Ne4 h1=Q 50. c5 Qd1+ 51. Kc4 Qd4+ 52. Kb5 Qxe4
53. b4 Rb2 54. c6 Qxc6+ 55. Ka5 Ra2# 0-1

[Event "AUTO-OPEN-4634"]
[Site "http://www.queenalice.com/game.php?id=1868016"]
[Date "2026.1.15"]
[Round "1"]
[White "cerenzo72"]
[Black "Rocio"]
[Result "1-0"]
[WhiteElo "2187"]
[BlackElo "1511"]

1. b3 e5 2. Bb2 Bb4 3. Bxe5 Qg5 4. Nf3 Qf5 5. Bxg7 Nf6 6. Bxh8 Ne4 7. c3 Bd6 8.
d3 Nc5 9. e4 Qf4 10. Qd2 Qg4 11. Be2 Qxg2 12. Rg1 Qh3 13. Rg8+ Bf8 14. Bg7 Ne6
15. Bxf8 Nxf8 16. Qf4 d6 17. Ng5 Qh6 18. Qxf7+ Kd8 19. Rxf8+ Qxf8 20. Qxf8+ Kd7
21. Bg4+ Kc6 22. Qxc8 Nd7 23. Qxa8 Nb6 24. Qxa7 Nc8 25. Qe3 h6 26. Nf7 b6 27. c4
Kb7 28. e5 Kc6 29. e6 Kb7 30. Qe4+ Kb8 31. Bf3 c6 32. Qxc6 Na7 33. Qb7# 1-0

[Event "AUTO-INT-3957"]
[Site "http://www.queenalice.com/game.php?id=1868120"]
[Date "2026.1.17"]
[Round "1"]
[White "jenyasm"]
[Black "Rocio"]
[Result "1-0"]
[WhiteElo "1646"]
[BlackElo "1583"]

1. e4 e5 2. Nf3 Nc6 3. Nc3 Bc5 4. d3 Nf6 5. h3 a6 6. a3 h6 7. g3 d6 8. Bg2 Be6
9. O-O Nh5 10. Nxe5 Nxe5 11. Qxh5 g6 12. Qe2 h5 13. h4 Bg4 14. Qd2 Qf6 15. d4
Bxd4 16. Qxd4 g5 17. Bxg5 Qe6 18. Nd5 Rc8 19. Qc3 c6 20. Nb6 Rb8 21. b3 Rd8 22.
Bxd8 Kxd8 23. a4 Rg8 24. Kh2 Be2 25. Rfe1 Ng4+ 26. Kg1 Qf6 27. Qxf6+ Nxf6 28.
Rxe2 Kc7 29. Nc4 Ng4 30. Ne3 Ne5 31. Rd2 f5 32. Nxf5 Kb6 33. Nxd6 Ng4 34. Re2 c5
35. e5 Rd8 36. Nxb7 Kc7 37. Nxd8 Kxd8 38. e6 Ke7 39. Rd1 Nf6 40. Bh3 a5 41. Re5
c4 42. Rxa5 cxb3 43. cxb3 Ne4 44. Ra7+ Ke8 45. e7 Nf6 46. Rd8+ Kf7 47. e8=Q# 1-0

[Event "AUTO-INT-3957"]
[Site "http://www.queenalice.com/game.php?id=1868121"]
[Date "2026.1.17"]
[Round "1"]
[White "Rocio"]
[Black "jenyasm"]
[Result "0-1"]
[WhiteElo "1549"]
[BlackElo "1648"]

1. e4 e5 2. Bc4 d6 3. Nf3 h6 4. d3 a6 5. h3 Nf6 6. Be3 b5 7. Bb3 Qe7 8. Nc3 Be6
9. Bxe6 Qxe6 10. Qe2 Nc6 11. a3 Be7 12. a4 bxa4 13. Nxa4 O-O 14. O-O Nh5 15. Nc3
Nf4 16. Bxf4 exf4 17. Nd5 Ra7 18. Nxf4 Qf6 19. Nh5 Qxb2 20. Rab1 Qc3 21. Rb3 Qa5
22. Nh2 Nd4 23. Qe3 c5 24. Qg3 g6 25. Nf4 Kg7 26. Nh5+ Kh7 27. Nf4 Nxb3 28. cxb3
Qc3 29. Ne2 Qxb3 30. Nf3 Qc2 31. Re1 a5 32. e5 Ra6 33. h4 a4 34. Nf4 c4 35. h5
g5 36. Nh3 cxd3 37. exd6 Bxd6 38. Qg4 d2 39. Nhxg5+ hxg5 40. Nxg5+ Kh6 41. Nf3
dxe1=Q+ 42. Nxe1 Qc5 43. g3 Qg5 44. Qxg5+ Kxg5 45. Nf3+ Kxh5 46. Kg2 a3 47. Kh3
a2 48. g4+ Kg6 49. Nh4+ Kf6 50. Kg2 a1=Q 51. Nf3 Ra4 52. g5+ Kg6 53. Kh3 Qf1#
0-1

[Event "AUTO-INT-3957"]
[Site "http://www.queenalice.com/game.php?id=1868140"]
[Date "2026.1.17"]
[Round "1"]
[White "Rocio"]
[Black "Magnaroc"]
[Result "1-0"]
[WhiteElo "1535"]
[BlackElo "1678"]

1. e4 e5 2. Bc4 Bc5 3. Nh3 d6 4. d3 Bxh3 5. gxh3 Qh4 6. Rf1 Qxh3 7. Nd2 Qxh2 8.
Qe2 Nc6 9. Nf3 Qh5 10. Bd2 Nd4 11. Nxd4 Qg6 12. O-O-O Bxd4 13. c3 Bb6 14. Rg1
Qxg1 15. Rxg1 g6 16. Qf3 f6 17. d4 exd4 18. cxd4 Bxd4 19. e5 Bxe5 20. Re1 O-O-O
21. Be6+ Kb8 22. Qb3 Ne7 23. Bc4 h5 24. Ba6 1-0

[Event "AUTO-INT-3957"]
[Site "http://www.queenalice.com/game.php?id=1868141"]
[Date "2026.1.17"]
[Round "1"]
[White "Magnaroc"]
[Black "Rocio"]
[Result "0-1"]
[WhiteElo "1656"]
[BlackElo "1557"]

1. e4 e5 2. Nf3 Nc6 3. d4 Bb4+ 4. c3 Ba5 5. d5 Nce7 6. Nxe5 d6 7. Nf3 Nf6 8. Bd3
Bb6 9. O-O h6 10. h3 a6 11. Re1 g5 12. Be3 Bxe3 13. Rxe3 g4 14. hxg4 Bxg4 15.
Qa4+ b5 16. Bxb5+ axb5 17. Qxb5+ Bd7 18. Qe2 Ng4 19. Rd3 Ng6 20. Nh2 Qh4 21.
Nxg4 Bxg4 22. Qe3 Kf8 23. Qg3 Qg5 24. Nd2 h5 0-1

[Event "Challenge"]
[Site "http://www.queenalice.com/game.php?id=1868749"]
[Date "2026.2.1"]
[Round "-"]
[White "PRZ"]
[Black "Rocio"]
[Result "1-0"]
[WhiteElo "1496"]
[BlackElo "1568"]

1. c4 e5 2. Nc3 Bb4 3. Qb3 Nc6 4. e3 d6 5. Nd5 Bc5 6. d4 Rb8 7. dxc5 Na5 8. Qa3
c6 9. Nc3 Nf6 10. cxd6 Be6 11. c5 b6 12. Nf3 Nb7 13. Nxe5 Rc8 14. Qxa7 Nxc5 15.
f4 Qxd6 16. Qxb6 Rb8 17. Qa5 O-O 18. b4 Nb7 19. Qa3 Ra8 20. Qb2 Bf5 21. Be2 h6
22. g4 Bh7 23. g5 hxg5 24. Nxc6 Qxc6 25. O-O Nh5 26. Bxh5 gxf4 27. exf4 Qb6+ 28.
Kg2 Nd6 29. Nd5 Qd4 30. Qxd4 Nf5 31. Qf2 Rad8 32. Rd1 Rfe8 33. Nf6+ gxf6 34. Kh3
Rb8 35. a3 Nh6 36. Qg3+ Kf8 37. Be3 Nf5 38. Bc5+ Re7 39. Bxe7+ Kxe7 40. Qe1+ Kf8
41. Qc3 Ne7 42. Qxf6 Ng8 43. Qd6+ Ne7 44. Qxb8+ Kg7 45. Qe5+ f6 46. Qxe7+ Kh6
47. Qf7 Bg6 48. Qxg6# 1-0

[Event "Challenge"]
[Site "http://www.queenalice.com/game.php?id=1869499"]
[Date "2026.2.19"]
[Round "-"]
[White "Ticovi"]
[Black "Rocio"]
[Result "1-0"]
[WhiteElo "1596"]
[BlackElo "1535"]

1. e4 e5 2. Nf3 Bd6 3. Bc4 h6 4. d3 Nf6 5. Nc3 Bc5 6. Nxe5 O-O 7. Qf3 d6 8. Nd5
dxe5 9. Nxf6+ Qxf6 10. Qxf6 gxf6 11. Bxh6 Re8 12. O-O Kh7 13. Be3 Bxe3 14. fxe3
Nc6 15. Rxf6 Ne7 16. Raf1 Rg8 17. Rxf7+ Kh8 18. Rxe7 Bh3 19. Bxg8 Rxg8 20. Rf2
c5 21. g3 b5 22. Rff7 Be6 23. Rh7# 1-0

[Event "Challenge"]
[Site "http://www.queenalice.com/game.php?id=1869500"]
[Date "2026.2.19"]
[Round "-"]
[White "Rocio"]
[Black "Ticovi"]
[Result "0-1"]
[WhiteElo "1497"]
[BlackElo "1610"]

1. e4 e5 2. Bc4 Nf6 3. d3 Bc5 4. h3 Nc6 5. a3 d6 6. Nc3 a6 7. Nf3 h6 8. Bd2 Bd7
9. Qe2 Nd4 10. Qd1 b5 11. Bd5 c6 12. Ba2 Qe7 13. Be3 Nxf3+ 14. gxf3 Bxe3 15.
fxe3 Nh5 16. Qe2 Ng3 17. Qh2 Nxh1 18. Qxh1 Qh4+ 19. Kd2 O-O 20. Rg1 Be6 21. Qg2
Qf6 22. f4 Bxa2 23. Nxa2 g6 24. Nc1 exf4 25. Rf1 Qxb2 26. Ke2 Qxc2+ 27. Kf3
Qxg2+ 28. Kxf4 Qxf1+ 29. Kg4 f5+ 30. exf5 Rxf5 31. e4 h5+ 32. Kg3 Qf2# 0-1

[Event "AUTO-INT-3962"]
[Site "http://www.queenalice.com/game.php?id=1870256"]
[Date "2026.3.9"]
[Round "1"]
[White "Yanni"]
[Black "Rocio"]
[Result "1-0"]
[WhiteElo "1471"]
[BlackElo "1446"]

1. e4 e5 2. Bc4 Qe7 3. Nf3 Nc6 4. d3 h6 5. a3 Nf6 6. Nc3 a6 7. Be3 Ng4 8. Bd2
Qc5 9. Rf1 b5 10. Bb3 b4 11. Nd5 Ra7 12. h3 Qxf2+ 13. Rxf2 Bc5 14. hxg4 O-O 15.
g5 h5 16. Nh4 Nd4 17. Qxh5 f6 18. Ng6 Kf7 19. Nxf6+ d5 20. Nh7+ Ke8 21. Rxf8+
Kd7 22. Nxe5+ Ke6 23. g6 Be7 24. Bxd5+ Kd6 25. Bxb4+ c5 26. Nc4+ Kd7 27. Ne5+
Kd6 28. Nf7+ Kc7 29. Ba5+ Kd7 30. Qg4+ Ne6 31. Qxe6# 1-0

[Event "AUTO-INT-3962"]
[Site "http://www.queenalice.com/game.php?id=1870257"]
[Date "2026.3.9"]
[Round "1"]
[White "Rocio"]
[Black "Yanni"]
[Result "0-1"]
[WhiteElo "1433"]
[BlackElo "1442"]

1. e4 e5 2. Bc4 h6 3. d3 Bb4+ 4. c3 Bc5 5. Nf3 d6 6. a3 Nf6 7. h3 Nc6 8. Bd2 a6
9. d4 exd4 10. cxd4 Bb6 11. Be3 Nxe4 12. Qe2 O-O 13. a4 d5 14. Bd3 Qf6 15. a5
Ba7 16. O-O Qg6 17. Nh4 Qf6 18. Nf3 Qg6 19. Nh4 Qf6 20. f3 Ng3 21. Qc2 Nb4 22.
Qd2 Qxh4 23. Bf2 Bxh3 24. Bxg3 Qxg3 25. Rf2 Bxd4 26. Bf1 Nc6 27. Ra4 Bxf2+ 28.
Qxf2 Qg6 29. Nd2 Rae8 30. Qh4 Ne5 31. Qxh3 Nd3 32. Rg4 Qd6 33. Bxd3 Qe6 34. Bf1
f5 35. Rb4 Qe1 36. Rh4 Qxd2 37. Qg3 Re7 38. Kh2 Re1 39. Rxh6 Qxh6+ 40. Kg1 Rfe8
41. b4 Qe3+ 42. Qf2 d4 43. g3 f4 44. Kg2 g5 45. Qg1 g4 46. fxg4 Qxg3+ 47. Kh1
Qf3+ 48. Kh2 R8e2+ 49. Bg2 Rxg2+ 50. Qxg2 Qe3 51. g5 f3 52. Qg3 Qe2+ 53. Kh3
Rh1+ 54. Kg4 Qe4+ 55. Qf4 Rg1+ 56. Kh5 Qxf4 57. Kh6 Qxg5# 0-1

[Event "AUTO-INT-3962"]
[Site "http://www.queenalice.com/game.php?id=1870268"]
[Date "2026.3.9"]
[Round "1"]
[White "jenyasm"]
[Black "Rocio"]
[Result "1-0"]
[WhiteElo "1679"]
[BlackElo "1447"]

1. e4 e5 2. Nf3 Nc6 3. a3 Bc5 4. d3 Nf6 5. h3 h6 6. Nc3 a6 7. b4 Ba7 8. Bb2 d6
9. g3 Be6 10. Bg2 Qd7 11. d4 exd4 12. Nxd4 Ne5 13. O-O g6 14. Kh2 Nh5 15. g4 Nf4
16. Nxe6 Qxe6 17. Ne2 Nxg4+ 18. hxg4 h5 19. g5 Nxg2 20. Kxg2 Qg4+ 21. Ng3 Qxg5
22. f4 Qh4 23. Bxh8 g5 24. Qxh5 Qxh5 25. Nxh5 Kd7 26. Bb2 gxf4 27. Nxf4 Rg8+ 28.
Kf3 Ke7 29. c4 d5 30. cxd5 Kd7 31. e5 c6 32. d6 f6 33. exf6 Kxd6 34. Rad1+ Kc7
35. Ne6+ Kb6 36. Bd4+ c5 37. Bxc5+ Kb5 38. Bxa7 Ka4 39. Rd3 Rg6 40. Ke4 b5 41.
Ke5 Rg8 42. f7 Ra8 43. Bc5 a5 44. bxa5 Kxa5 45. f8=Q Rxf8 46. Rxf8 b4 47. axb4+
Kb5 48. Kd4 Kc6 49. Rd8 Kb5 50. Rc8 Ka6 51. Kc4 Kb7 52. Rc7+ Kb8 53. Rd8# 1-0

[Event "AUTO-INT-3962"]
[Site "http://www.queenalice.com/game.php?id=1870269"]
[Date "2026.3.9"]
[Round "1"]
[White "Rocio"]
[Black "jenyasm"]
[Result "0-1"]
[WhiteElo "1453"]
[BlackElo "1708"]

1. e4 e5 2. Bc4 d6 3. d3 a6 4. Nf3 h6 5. Nc3 Qf6 6. Nd5 Qd8 7. Be3 Ne7 8. Nb4 g6
9. a3 Bg7 10. Qd2 Be6 11. Bxe6 fxe6 12. h3 Qd7 13. Nh4 g5 14. Nf3 Nbc6 15. Nxc6
Qxc6 16. O-O O-O-O 17. a4 d5 18. Qb4 dxe4 19. dxe4 Bf6 20. c4 Ng6 21. c5 Be7 22.
a5 Nf4 23. Nxe5 Qe8 24. Rac1 Bf6 25. c6 bxc6 26. Ba7 Bxe5 27. Rfd1 Rxd1+ 28.
Rxd1 Bd6 29. Qb3 Kd7 30. e5 Qa8 31. Be3 Rb8 32. Qc2 Rb5 33. g3 Nd5 34. Bd4 Bb4
35. Qh7+ Kc8 36. Rc1 Bxa5 37. Qxh6 Rb4 38. Qxe6+ Kb7 39. Rxc6 Rxd4 40. Rc5 Nf4
41. Qc6+ Ka7 42. Qf6 Bb6 43. Rc6 Nd5 44. Qe6 Nb4 45. h4 Nxc6 46. hxg5 Nd8 47.
Qf5 Rd1+ 48. Kh2 Qh1# 0-1

[Event "AUTO-INT-3962"]
[Site "http://www.queenalice.com/game.php?id=1870276"]
[Date "2026.3.9"]
[Round "1"]
[White "Rocio"]
[Black "EduardoRo"]
[Result "0-1"]
[WhiteElo "1486"]
[BlackElo "1351"]

1. e4 e5 2. h3 Nf6 3. Nc3 Bc5 4. d3 O-O 5. a3 c6 6. Qf3 d5 7. Qg3 Nh5 8. Qf3 d4
9. Nce2 Nf6 10. Qg3 Nbd7 11. Bh6 g6 12. Bg5 Qb6 13. Nf3 Qxb2 14. Rc1 Qxa3 15.
Nh4 Bb4+ 16. Bd2 Bxd2+ 17. Kxd2 Nc5 18. Ng1 Qc3+ 19. Ke2 Nfxe4 20. dxe4 Nxe4 21.
Qxc3 Nxc3+ 22. Kd3 b6 23. Kc4 Be6+ 24. Kd3 c5 25. f4 e4+ 26. Kd2 e3+ 27. Kd3 b5
28. Ne2 Bc4# 0-1

[Event "AUTO-INT-3962"]
[Site "http://www.queenalice.com/game.php?id=1870277"]
[Date "2026.3.9"]
[Round "1"]
[White "EduardoRo"]
[Black "Rocio"]
[Result "1-0"]
[WhiteElo "1331"]
[BlackElo "1521"]

1. e4 e5 2. Nf3 Nc6 3. Bc4 h6 4. O-O Nce7 5. c3 Ng6 6. d4 d6 7. dxe5 Bd7 8. exd6
Bxd6 9. Be3 Nf6 10. Qc2 Ng4 11. h3 N4e5 12. Nxe5 Bxe5 13. f4 Bf6 14. e5 Bh4 15.
Qb3 Rf8 16. Bd3 Be6 17. c4 Rb8 18. Nd2 Bxh3 19. gxh3 Bg3 20. Ne4 Qh4 21. Qb5+ c6
22. Nd6+ Ke7 23. Nf5+ Ke6 24. Nxg7+ Ke7 25. Qc5+ Kd7 26. Bf5+ Kc7 27. Qd6# 1-0

[Event "AUTO-INT-3964"]
[Site "http://www.queenalice.com/game.php?id=1871053"]
[Date "2026.3.27"]
[Round "1"]
[White "Rocio"]
[Black "tche_elvio"]
[Result "0-1"]
[WhiteElo "1462"]
[BlackElo "1640"]

1. e4 c5 2. Bb5 Nc6 3. Nc3 g6 4. Nd5 Bg7 5. a3 Nf6 6. d3 Nxd5 7. Bg5 Qa5+ 8. b4
Qxb5 9. Ne2 Nf6 10. O-O Nd4 11. Nc3 Qc6 12. h3 b6 13. e5 Bb7 14. Be3 Qxg2# 0-1

[Event "AUTO-INT-3964"]
[Site "http://www.queenalice.com/game.php?id=1871054"]
[Date "2026.3.27"]
[Round "1"]
[White "tche_elvio"]
[Black "Rocio"]
[Result "1-0"]
[WhiteElo "1662"]
[BlackElo "1440"]

1. e4 e5 2. Nf3 d6 3. Bc4 h6 4. d4 Bg4 5. h3 Bd7 6. dxe5 Nc6 7. Bf4 d5 8. exd5
Nb4 9. Na3 Bf5 10. O-O a6 11. c3 b5 12. Bb3 Bc5 13. cxb4 Bxb4 14. Nc2 Ba5 15.
Nfd4 Bg6 16. Nc6 Qd7 17. Nxa5 Rb8 18. e6 Qe7 19. Nc6 Qh4 20. exf7+ Bxf7 21. Re1+
Kd7 22. Nxb8+ Kc8 23. Nxa6 Qxf4 24. Nd4 Kb7 25. Nc5+ Kc8 26. Nde6 Ne7 27. Nxf4
Kd8 28. Nfe6+ Ke8 29. Nxc7+ Kd8 30. d6 Nf5 31. Bxf7 Nxd6 32. Qxd6+ Kc8 33. Nxb5
Rd8 34. Qc7# 1-0

[Event "AUTO-INT-3965"]
[Site "http://www.queenalice.com/game.php?id=1871615"]
[Date "2026.4.7"]
[Round "1"]
[White "game"]
[Black "Rocio"]
[Result "1-0"]
[WhiteElo "1683"]
[BlackElo "1413"]

1. e4 e5 2. Nf3 Nc6 3. Bc4 h6 4. d4 exd4 5. Nxd4 Ne5 6. b3 Bc5 7. Bf4 Ng4 8.
Qxg4 Bxd4 9. c3 Bf6 10. O-O d6 11. Qg3 Ne7 12. Nd2 Ng6 13. Rac1 h5 14. Bb5+ Bd7
15. a4 a6 16. Bc4 Bh4 17. Qe3 Qf6 18. g3 Nxf4 19. gxf4 Qg6+ 20. Kh1 O-O 21. Rg1
Bg4 22. h3 Rae8 23. hxg4 hxg4 24. Rg2 d5 25. Bxd5 c6 26. f5 Qf6 27. Bc4 Re7 28.
Rxg4 Rfe8 29. Rcg1 g6 30. Nf3 g5 31. Nxh4 Kf8 32. Rxg5 Re5 33. Ng6+ fxg6 34.
Rxg6 Qh4+ 35. Kg2 Rxe4 36. Qc5+ R8e7 37. Rg8# 1-0

[Event "AUTO-INT-3965"]
[Site "http://www.queenalice.com/game.php?id=1871616"]
[Date "2026.4.7"]
[Round "1"]
[White "Rocio"]
[Black "game"]
[Result "0-1"]
[WhiteElo "1417"]
[BlackElo "1705"]

1. e4 c5 2. Bb5 a6 3. Bc4 b5 4. Bd5 Nc6 5. a3 e5 6. Nf3 Nf6 7. Bxc6 dxc6 8. Nxe5
Nxe4 9. Qe2 Bf5 10. Qh5 Bg6 11. Nxg6 fxg6 12. Qe5+ Qe7 13. Qxe7+ Bxe7 14. O-O
O-O 15. d3 Nf6 16. h3 Nd5 17. Re1 g5 18. Bxg5 Bxg5 19. Re5 Bf6 20. Re4 Rfe8 21.
Rg4 Re1+ 22. Kh2 Be5+ 23. g3 Rf8 24. Nd2 Rxa1 25. Nf3 Rxf3 26. Kg2 Rf5 27. f3
Ne3+ 28. Kf2 Nxg4+ 29. hxg4 Bd4+ 30. Ke2 Re5+ 31. Kd2 Bxb2 32. c4 Bxa3 33. f4
Bb4+ 34. Kc2 Re2+ 35. Kb3 Rb1# 0-1